| 000 | 00886cam a2200241 4500 | ||
|---|---|---|---|
| 001 | L129456 | ||
| 008 | 050414n2003 000 0 eng u | ||
| 020 | _a1860816363 | ||
| 035 | _a(Sirsi) u129426 | ||
| 041 | _aeng | ||
| 050 |
_a693.9 _c18 |
||
| 100 | _aHalliwell, Sue | ||
| 245 |
_aFibre reinforced polymers in construction _bpredicting weathering |
||
| 260 |
_aWatford _bBRE _c2003 |
||
| 300 |
_a6p. _c30cm. |
||
| 350 | _a12 | ||
| 490 |
_aBRE Information Paper _vIP11/03 |
||
| 520 | _aThis paper summarises the options available for predicting the weathering properties of fibre reinforced polymer components for use in construction. | ||
| 690 | _aBUILT ENVIRONMENT-BUILDING MATERIALS- PLASTICS, RUBBER, CHEMICAL AND SYNTHETICS-COMPOSITE PLASTICS | ||
| 710 | _aBuilding Research Establishment | ||
| 710 |
_aUnited Kingdom _bDepartment of Trade and Industry |
||
| 942 | _n0 | ||
| 999 |
_c104188 _d104188 |
||